| 000 | 01398pam a2200361 a 4500 | ||
|---|---|---|---|
| 001 | 1633161 | ||
| 003 | OSt | ||
| 005 | 20250901165757.0 | ||
| 008 | 960215s1996 nyu b 001 0 eng | ||
| 010 | _a 96005364 | ||
| 020 | _a0449910016 | ||
| 040 |
_aDLC _cDLC _dDLC |
||
| 050 | 0 | 0 |
_aRM 237 .59 .W87 1996 _b.W87 1996 |
| 082 | 0 | 0 |
_a613.2/5 _220 |
| 100 | 1 | _aWurtman, Judith J. | |
| 245 | 1 | 4 |
_aThe serotonin solution : _bthe potent substance that can help you stop bingeing, lose weight, and feel great / _cJudith J. Wurtman and Susan Suffes. |
| 250 | _a1st ed. | ||
| 260 |
_aNew York : _bFawcett Columbine, _c1996. |
||
| 300 |
_axvi, 288 p. ; _c25 cm. |
||
| 504 | _aIncludes bibliographical references (p. 275-281) and index. | ||
| 650 | 0 | _aHigh-carbohydrate diet. | |
| 650 | 0 |
_aSerotonin _xPhysiological effect. |
|
| 650 | 0 | _aStress (Physiology) | |
| 650 | 0 | _aReducing diets. | |
| 650 | 0 | _aMood (Psychology) | |
| 700 | 1 | _aSuffes, Susan. | |
| 856 | 4 | 2 |
_3Contributor biographical information _uhttp://www.loc.gov/catdir/bios/random057/96005364.html |
| 856 | 4 | 2 |
_3Publisher description _uhttp://www.loc.gov/catdir/description/random0412/96005364.html |
| 906 |
_a7 _bcbc _corignew _d1 _eocip _f19 _gy-gencatlg |
||
| 942 |
_2lcc _cBK |
||
| 999 |
_c9141 _d9141 |
||